मधुमालती / (Record no. 73179)

MARC details
000 -LEADER
fixed length control field 01027nam a22002537a 4500
005 - DATE AND TIME OF LATEST TRANSACTION
control field 20121010141910.0
008 - FIXED-LENGTH DATA ELEMENTS--GENERAL INFORMATION
fixed length control field 121010t xxu||||| |||| 00| 0 mar d
010 ## - LCCN (DPL NO)
LC control number MAR-22984
020 ## - INTERNATIONAL STANDARD BOOK NUMBER
Terms of availability 65.00
International Standard Book Number 8186153314
035 ## - SYSTEM CONTROL NUMBER
System control number MR-15642
037 ## - SOURCE OF ACQUISITION
Source of stock number/acquisition DBAD/PUB
040 ## - CATALOGING SOURCE
Original cataloging agency DPL
Language of cataloging MR
082 ## - DEWEY DECIMAL CLASSIFICATION NUMBER
Classification number 891.461
100 ## - MAIN ENTRY--PERSONAL NAME
9 (RLIN) 53016
Personal name ओगले, मनोरमा
245 ## - TITLE STATEMENT
Title मधुमालती /
Statement of responsibility, etc मनोरमा ओगले
246 ## - VARYING FORM OF TITLE
Title proper/short title Madhumalti
Remainder of title by Manorama Ogale
260 ## - PUBLICATION, DISTRIBUTION, ETC. (IMPRINT)
Place of publication, distribution, etc पुणे
Name of publisher, distributor, etc अनंत प्रकाशन
Date of publication, distribution, etc 2012
270 ## - ADDRESS
City पुणे
Address 149, शनिवार पेठ,
Postal code 411030
300 ## - PHYSICAL DESCRIPTION
Extent 68पृ
Dimensions 21सेमी(अजिल्द)
650 ## - SUBJECT ADDED ENTRY--TOPICAL TERM
Topical term or geographic name as entry element मराठी कवितासंग्रह
9 (RLIN) 54938
650 ## - SUBJECT ADDED ENTRY--TOPICAL TERM
Topical term or geographic name as entry element Marathi Poetry
9 (RLIN) 54939
942 ## - ADDED ENTRY ELEMENTS (KOHA)
Source of classification or shelving scheme Dewey Decimal Classification
Item type Marathi Books
Call number suffix ओगले
Classification part 891.461
Holdings
Withdrawn status Lost status Source of classification or shelving scheme Damaged status Not for loan Collection code Home library Current library Date acquired Source of acquisition Cost, normal purchase price Total Checkouts Full call number Barcode Date last seen Copy number Cost, replacement price Koha item type
    Dewey Decimal Classification   Not For Loan Non-fiction D.B.Act.Division D.B.Act.Division 21/01/2013 DBAD / PUB 65.00   891.461 ओगले MR-15642 21/01/2013 1 65.00 Marathi Books

© Delhi Public Library
Hit Counter
free hit counter